| 000 | 00368 a2200157 4500 | ||
|---|---|---|---|
| 005 | 20250629141755.0 | ||
| 020 | _a978-0-324-83426-0 | ||
| 082 | _a658.8 PRI | ||
| 100 | _aPRIDE, W. M | ||
| 245 | _aMarketing | ||
| 250 | _a15th Ed. | ||
| 260 |
_aCanada, _bCengage _c2010 |
||
| 300 |
_axx, 578p.; ill.; picture _bIndex _c26cm |
||
| 700 | _aFERRELL, O.C | ||
| 942 |
_2ddc _cBKS |
||
| 999 |
_c6397 _d6397 |
||